Tiểu tự điển Pháp-Việt
Đã lưu trong:
| Tác giả chính: | |
|---|---|
| Định dạng: | Sách |
| Được phát hành: |
Tp. Hồ Chí Minh
[NXB Tp. Hồ Chí Minh]
1991
|
| Những chủ đề: | |
| Các nhãn: |
Thêm thẻ
Không có thẻ, Là người đầu tiên thẻ bản ghi này!
|
| Thư viện lưu trữ: | Trung tâm Học liệu Lê Vũ Hùng, Trường Đại học Đồng Tháp |
|---|
| LEADER | 00710pam a22002178a 4500 | ||
|---|---|---|---|
| 001 | 00021265 | ||
| 005 | 20171026081025.0 | ||
| 008 | 110523s1991 ||||||Fresd | ||
| 041 | 0 | # | |a Fre-Vie |
| 082 | 1 | 4 | |a 443 |b T309T |
| 100 | 0 | # | |a Đào Văn Tập |
| 245 | 0 | 0 | |a Tiểu tự điển Pháp-Việt |c Đào Văn Tập |
| 260 | # | # | |a Tp. Hồ Chí Minh |b [NXB Tp. Hồ Chí Minh] |c 1991 |
| 300 | # | # | |a 349 tr. |c 15 cm. |
| 650 | # | 4 | |a Từ điển |
| 653 | # | # | |a Tiếng Pháp |
| 653 | # | # | |a Tiếng Việt |
| 852 | # | # | |b Kho đọc |j KD.0006695 |
| 852 | # | # | |j KD.0006695 |
| 910 | 0 | # | |a Đức |d 23/05/2011 |
| 980 | # | # | |a Trung tâm Học liệu Lê Vũ Hùng, Trường Đại học Đồng Tháp |